000 00399nam a2200157Ia 4500
008 210210b1994 xxu||||| |||| 00| 0 eng d
041 _aeng
082 _a001.424 KOTI
100 _aKOTHARI (C R).
245 _aIntroduction to operational research.
250 _a
260 _aND
_bVikas Publishing House Pvt. Ltd.
_c1994
300 _axv,522
690 _aOperations Research
906 _a050222
999 _c98591
_d98591